| 000 | 004540000a22001690004500 | ||
|---|---|---|---|
| 060 | _a100 | ||
| 082 | _a631.4 WIL | ||
| 100 | _aDyer J G | ||
| 100 | _aWilde S A, Corey R B | ||
| 245 | _aSoil and plant analysis for tree culture | ||
| 250 | _a5 | ||
| 260 | _aNewdelhi, Oxford & IBH publishing company | ||
| 260 | _c1979 | ||
| 300 | _a224 | ||
| 650 | _aSoil-analysis/plant-analysis/tree culture/soilk science/soil-physical proprties | ||
| 942 | _cBK | ||
| 999 |
_c352469 _d352469 |
||